ARRUPE JESUIT UNIVERSITY

CORONAVIRUS -STOP THE SPREAD - CLEAN,DISINFECT,COVER

Introductory sociology (Record no. 63082)

MARC details
000 -LEADER
fixed length control field 00612nam a2200229Ia 4500
003 - CONTROL NUMBER IDENTIFIER
control field 0100
008 - FIXED-LENGTH DATA ELEMENTS--GENERAL INFORMATION
fixed length control field 130303s9999 xx 000 0 und d
020 ## - INTERNATIONAL STANDARD BOOK NUMBER
International Standard Book Number 333945719
040 ## - CATALOGING SOURCE
Transcribing agency ARRUPELIB
050 ## - LIBRARY OF CONGRESS CALL NUMBER
Classification number HM586.I57 2002
300 ## - PHYSICAL DESCRIPTION
Other physical details 596p. 25 cm
100 ## - MAIN ENTRY--PERSONAL NAME
Personal name Bilton, Tony ...(et al.)
245 ## - TITLE STATEMENT
Title Introductory sociology
250 ## - EDITION STATEMENT
Edition statement 4th ed.
260 ## - PUBLICATION, DISTRIBUTION, ETC. (IMPRINT)
Place of publication, distribution, etc New York
260 ## - PUBLICATION, DISTRIBUTION, ETC. (IMPRINT)
Name of publisher, distributor, etc Palgrave Macmillan
260 ## - PUBLICATION, DISTRIBUTION, ETC. (IMPRINT)
-- 2002
300 ## - PHYSICAL DESCRIPTION
Extent xxxiii
650 ## - SUBJECT ADDED ENTRY--TOPICAL TERM
Topical term following geographic name as entry element Victims of crimes - United States
650 ## - SUBJECT ADDED ENTRY--TOPICAL TERM
Location of event United States - Social conditions - 1980- United States - Moral conditions
942 ## - ADDED ENTRY ELEMENTS (KOHA)
Source of classification or shelving scheme Library of Congress Classification
Koha issues (borrowed), all copies 2
Holdings
Withdrawn status Lost status Source of classification or shelving scheme Damaged status Not for loan Collection code Home library Current library Shelving location Date acquired Total Checkouts Full call number Barcode Date last seen Date checked out Copy number Price effective from Koha item type
    Library of Congress Classification     Main Collection ARRUPE LIBRARY ARRUPE LIBRARY   05/03/2013 10 HM586.I57 2002 46003096335 16/04/2019 04/04/2019 1 05/03/2013 Monograph ( Printed materials)

 

Arrupe Library. PO Box MP320 Mt Pleasant, Harare, Zimbabwe
263 242 745411|librarian@aju.ac.zw